000
00344pam a2200157a 44500
008
230405s2002 xxu||||| |||| 00| 0 eng d
041
_a
ENG
100
_a
Stuart Bames
245
_a
Knowledge Management Systems
250
_a
1
260
_a
_b
Thomson
_c
2002
300
_a
252P, 24 cms
440
_a
336
690
_a
MCA
906
_a
5638
999
_c
258497
_d
258497